फिर कब आयेंगे? (Record no. 4127)

MARC details
000 -LEADER
fixed length control field 01150 a2200241 4500
005 - DATE AND TIME OF LATEST TRANSACTION
control field 2008090406246.0
008 - FIXED-LENGTH DATA ELEMENTS--GENERAL INFORMATION
fixed length control field 080904t xxu||||| |||| 00| 0 hin d
010 ## - LIBRARY OF CONGRESS CONTROL NUMBER
LC control number HIN-79904
020 ## - INTERNATIONAL STANDARD BOOK NUMBER
International Standard Book Number 818891603x
Terms of availability 150.00
035 ## - SYSTEM CONTROL NUMBER
System control number HN-52250
037 ## - SOURCE OF ACQUISITION
Source of stock number/acquisition D.B.Act / pub
082 ## - DEWEY DECIMAL CLASSIFICATION NUMBER
Classification number
100 ## - MAIN ENTRY--PERSONAL NAME
Personal name मिश्र, रामदरश
245 ## - TITLE STATEMENT
Title फिर कब आयेंगे?
Statement of responsibility, etc रामदरश मिश्र
246 ## - VARYING FORM OF TITLE
Title proper/short title Phir kab ayenge
Remainder of title by Ramdarash Mishra
260 ## - PUBLICATION, DISTRIBUTION, ETC. (IMPRINT)
Place of publication, distribution, etc दिल्ली
Name of publisher, distributor, etc हिमाचल बुक सैंटर
Date of publication, distribution, etc 2006
270 ## - ADDRESS
Address 19 रामनगर एक्सटेंशन-2, पुरानी अनारकली का गुरूद्वारा
City दिल्ली
Postal code 110051
300 ## - PHYSICAL DESCRIPTION
Extent 135पृ
Dimensions 22 सेमी (सजिल्द)
650 ## - SUBJECT ADDED ENTRY--TOPICAL TERM
Topical term or geographic name as entry element हिन्दी कहानियाँ
650 ## - SUBJECT ADDED ENTRY--TOPICAL TERM
Topical term or geographic name as entry element Hindi Stories
942 ## - ADDED ENTRY ELEMENTS (KOHA)
Institution code [OBSOLETE] dpl
Koha item type Hindi Books
Call number prefix क / मिश्ररा
Source of classification or shelving scheme Dewey Decimal Classification
Classification part
Call number suffix मिश्ररा
Holdings
Withdrawn status Lost status Damaged status Not for loan Home library Current library Date acquired Cost, normal purchase price Total Checkouts Full call number Barcode Date last seen Copy number Uniform Resource Identifier Cost, replacement price Price effective from Koha item type
        D.B.Act.Division D.B.Act.Division 04/09/2008 150.00   क मिश्ररा HN-52250 15/09/2008 1 4374 150.00 15/09/2008 Hindi Books

© Delhi Public Library
Hit Counter
free hit counter